| 000 | 00432nam a2200157Ia 4500 | ||
|---|---|---|---|
| 008 | 210716s2005 xx 000 0 und d | ||
| 020 | _a8129700468 | ||
| 041 | _aeng | ||
| 082 | _a005.368 GHEC | ||
| 100 | _aGhezzi, Carlo;Jazayeri, Mehdi;Mandrioli, Dino. | ||
| 245 | _aFundamentals of software engineering. | ||
| 250 | _a2 | ||
| 260 |
_aNew Delhi _bPHI Learning Pvt Ltd _c2005 |
||
| 300 | _a596 | ||
| 650 | _aSoftware Engineering | ||
| 999 |
_c187568 _d187568 |
||